| 000 | 01882 a2200253 4500 | ||
|---|---|---|---|
| 001 | 63522 | ||
| 005 | 20260407155933.0 | ||
| 008 | 260407a2017 arg spa d | ||
| 003 | AR-UNSa-BCEJYS | ||
| 040 |
_aAR-UNSa-BCEJYS _bspa _cAR-UNSa-BCEJYS |
||
| 080 |
_a330 _xEconomía en general |
||
| 245 | 1 | 0 |
_aEconomía _pEl primer curso inspirado en el mundo real |
| 020 | _a978-84-944880-3-0 | ||
| 264 | 1 |
_aBarcelona : _bAntoni Bosch _c2017 |
|
| 300 |
_axxxvi, 794 p. _c28 cm. |
||
| 505 | _a1. Principios y práctica de la economía - 2. Métodos económicos y cuestiones de (...) - 3. Optimización: escoger lo mejor - 4. Demanda, oferta y equilibrio - 5. Consumidores e incentivos - 6. Vendedores e incentivos - 7: la competencia perfecta y la mano (...) - 8: El comercio - 9: Externalidades y bienes públicos - 10. El estado en la economía: impuestos y (...) - 11. Mercados de factores de producción - 12. Monopolios - 13. Teoría de juegos y cómo jugar estratégicamente - 14. Oligopolio y competencia monopolística - 15. Dilemas relacionados con el tiempo y el riesgo - 16. La economía de la información - 17. Subastas y negociaciones - 18. Economía social - 19. La riqueza de las naciones: los agregados macroeconómicos - 20. Rentas agregadas - 21. Crecimiento económico - 22. ¿Por qué el desarrollo no es igual en todo el mundo? - 23. Empleo y desempleo - 24. Mercados crediticios - 25. El sistema monetario - 26. Fluctuaciones a corto plazo - 27. Política macroeconómica anticíclica - 28. Macroeconomía y comercio internacional - 29. Macroeconomía de una economía abierta - | ||
| 041 | _aspa | ||
| 942 | _cBK | ||
| 590 | _aniveau_biblio:m niveau_hierar:0 | ||
| 100 | 1 | _aAcemoglu, Daron | |
| 700 | 1 | _aLaibson, David | |
| 700 | 1 | _aList, John A. | |
| 856 | 4 | 1 |
_uhttp://www.biblioeco.unsa.edu.ar/pmb/images/libros/L129402.jpg _yImagen de portada _qimage/jpeg |
| 999 |
_c8207 _d8207 |
||